| 000 | 01066cam a2200181 4500 | ||
|---|---|---|---|
| 008 | 000000n2001 000 0 eng u | ||
| 035 | _a(Sirsi) u112023 | ||
| 245 | _aRICS telecoms forum | ||
| 260 | _c2001 | ||
| 490 |
_aRICS Press Release _v(pr057) 9 April 2001 (2) |
||
| 520 | _aA one day seminar "Telecoms- the future" covering a range of issues relating to the telecommunications industry was held at the RICS on 5 April 2001. Sponsored by the RICS Commercial Property Faculty and the Corporate Occupiers Group, it was attended by over 150 chartered surveyors, representing the supply and demand side of the telecommunications industry. A number of issues were discussed including the Telecommunications Act, planning, health and safety, site location and acquisition, and rents and training requirements within the industry. | ||
| 650 | _aTELECOMMUNICATIONS ACT 1984 | ||
| 650 | _aTELECOMMUNICATIONS INDUSTRY | ||
| 650 | _aRICS COMMERCIAL PROPERTY FACULTY | ||
| 650 | _aCORPORATE OCCUPIERS GROUP | ||
| 690 | _aTRANSPORT AND COMMUNICATIONS | ||
| 942 | _n0 | ||
| 999 |
_c66726 _d66726 |
||